10 Biggest Cities in Order: Australia - Statistics

General Stats
  • This quiz has been taken 182 times
  • The average score is 7 of 10
Answer Stats
# Answer % Correct
1 Sydney
100%
2 Melbourne
99%
4 Perth
98%
3 Brisbane
97%
5 Adelaide
95%
7 Canberra
69%
6 Gold Coast
64%
8 Newcastle
43%
9 Wollongong
28%
10 Logan City
1%
No matching quizzes found
Score Distribution
Percent of People with Each Score
Percentile by Number Answered
Your Score History
You have not taken this quiz